01138nam a2200277 i 4500001001000000003000900010005001700019007000300036008004100039020001500080040003000095041000800125082002000133100004000153245017400193264007500367300004500442336002700487337003300514338002800547490002100575500006700596500007200663504007100735700005400806000027289DO-SdBNP20250925082010.0ta110331s1991 sp a 000 1 spa d a846040238X aDO-SdBNPbspacBNPHUerda aspa 4axxxxbA773r2221 aArranz Márquez, Luiseautor4aut.10aRepartimientos y encomiendas en la Isla Española :b(el repartimiento de Alburquerque de 1514) /cLuis Arranz Márquez ; presentación, Manuel A. García Arévalo. 4aMadrid, España :bEdiciones Fundación García Arévalo,c©1991. a640 páginas :bilustraciones ;c22 cm. atextobtxt2rdacontent asin mediaciónbn2rdamedia avolumenbnc2rdacarrier0 aSerie Documental aIncluye índice onomástico, topográfico y bibliográfico aIncluye datos biografícos del autor en la solapa de la cubierta.  aIncluye referencias bibliográficas y notas al pie de la página1 aGarcía Arévalo, Manuel A. epresentador4pr.